000 00532nam a2200193Ia 4500
003 OSt
005 20250131145740.0
008 210210b1976 xxu||||| |||| 00| 0 eng d
040 _cAL
041 _aKannada
082 _aK894.3 ARYS
100 _aARYAMBA PATTABHI
_9150993
_dಆರ್ಯಾಂಬಾ ಪಟ್ಟಾಭಿ
245 _aSakshatkara
_bಸಾಕ್ಷಾತ್ಕಾರ
260 _aBengaluru
_bPrakasha Sahitya
_c1976
300 _a179
690 _aKannada Fiction
_9150994
906 _a032231
942 _2ddc
_cBK
999 _c83466
_d83466